"Hajt a vágy és az eredményesség"

Bibliographic Details
Main Authors: Álló, István (Author, Interviewer), Horváth, László (Author)
Format: Article
Language:Hungarian
PhysicalDescription:Fotogr.
ISSN:1335-6631
Subjects:

MARC

LEADER 00000nab a2200000 a 4500
001 vtls011425760
003 SK-MaSNL
005 20260318121555.0
008 151202|2015 xo i| 000 0|hun
015 |a SNBRB2015/12 
038 |a DSZK 
040 |a DSZK  |b slo  |c DSZK  |e AACR2 
041 0 |a hun 
044 |a xo  |c SK 
080 |a 796.835.071.2  |x (437.612)  |2 2001 
100 1 |a Álló, István  |4 ivr  |4 aut  |9 776973 
245 1 0 |a "Hajt a vágy és az eredményesség"  |c Álló István, Horváth László 
300 |b Fotogr. 
600 1 7 |a Horváth, Ladislav  |2 dszk  |9 349191 
610 2 7 |a Agritechnika Fighterbulls (Veľký Meder, Slovensko)  |2 dszk  |9 1214968 
610 2 7 |a Unicentral Bulls (Győr, Maďarsko)  |2 dszk  |9 1581388 
650 0 7 |a bojové umenia  |2 SNKPH  |9 3247 
650 0 7 |a Muay Thai  |2 dszk  |9 1581389 
651 7 |a Dunajská Streda (Slovensko)  |2 SNKPH  |9 17375 
651 7 |a Veľký Meder (Slovensko)  |2 SNKPH  |9 19224 
651 7 |a Győr (Maďarsko)  |2 SNKPH  |9 24968 
700 1 |a Horváth, László  |4 ive  |4 aut  |9 398523 
773 0 |t Szabad újság  |g Évf. XXII, sz. 96-97 (2015), o. 38-39  |x 1335-6631 
852 |a DSZK  |b KIS3GCP 
958 |a HU 
958 |a SK 
999 |c 3233545  |d 3235475